000 00427nam a2200169 a 4500
001 0000-9332
003 ELIB.Books
008 110520 1971
035 _a(ELIB.Books)0000-9484
082 _a253.5
_bJac
100 _aJackson, Edger N.
245 _aWhen Someone Dies
260 _bPhiladelphia: Fortress Press
_c1971
650 _aPastoral Theology
942 _2ddc
_cBK
998 _cbat
_e2011-05-20
999 _c9332
_d9332